000 00675nam a2200253Ia 4500
003 OSt
005 20221007112224.0
006 a|||||r|||| 00| 0
007 ta
008 221006b |||||||| |||| 00| 0 eng d
024 _a25,422
037 _cTextual
040 _aLCO
_cLCO
_beng
041 _2eng
_aeng
082 _aZ2,8,11, Q1
100 _aGadbois George H.
_9446232
245 0 _aJudges of the Supreme Court of India 1950-1989
250 _a1st
260 _aNew
_bDelhi Oxford University Press India
_c2011
300 _a412
650 _aSUPREME COURT
942 _hZ2,8,11, Q1
_cTEXL
999 _c1194985
_d1194985